[Event "AUTO-MASTER-147"]
[Site "http://www.queenalice.com/game.php?id=69826"]
[Date "2006.5.18"]
[Round "1"]
[White "walderson"]
[Black "McKnights"]
[Result "0-1"]
[WhiteElo "1546"]
[BlackElo "1846"]

1. d4 d5 2. e3 Nc6 3. a4 Nf6 4. b3 e6 5. Bd2 Be7 6. h4 Ne4 7. g4 O-O 8. Bd3 e5
9. h5 exd4 10. exd4 Nxd4 11. h6 Bf6 12. Bxe4 dxe4 13. c3 Nf3+ 14. Nxf3 exf3 15.
Qxf3 Be6 16. g5 Bxg5 17. hxg7 Re8 18. Qg3 Bxd2+ 19. Nxd2 Bxb3+ 20. Kf1 Qxd2 21.
Kg2 Bd5+ 22. Kh2 Qh6+ 23. Kg1 Qxh1# 0-1

[Event "AUTO-MASTER-147"]
[Site "http://www.queenalice.com/game.php?id=69835"]
[Date "2006.5.18"]
[Round "1"]
[White "alfreale"]
[Black "walderson"]
[Result "0-1"]
[WhiteElo "1762"]
[BlackElo "1510"]

1. e4 e5 2. Nf3 Bd6 3. Bc4 h5 4. d4 Qe7 5. Nc3 f6 6. Be3 exd4 7. Nxd4 Be5 8. Nf5
Qf8 9. f4 Bxc3+ 10. bxc3 g6 11. Nd4 Qe7 12. Qd3 d6 13. O-O Nh6 14. Rae1 Ng4 15.
Re2 f5 16. exf5 gxf5 17. Bf2 Ne5 18. Nxf5 Nxd3 19. Rxe7+ Kd8 20. Bxd3 Bxf5 21.
Rfe1 Bxd3 22. cxd3 Nc6 23. Rf7 b5 24. Re6 a5 25. Ref6 Kc8 26. Rf8+ Kb7 27. Rb8+
Raxb8 0-1

[Event "AUTO-MASTER-147"]
[Site "http://www.queenalice.com/game.php?id=69836"]
[Date "2006.5.18"]
[Round "1"]
[White "walderson"]
[Black "alfreale"]
[Result "0-1"]
[WhiteElo "1444"]
[BlackElo "1731"]

1. d4 d5 2. Nf3 Nf6 3. Ng5 Bf5 4. f3 e6 5. e4 dxe4 6. g4 Bg6 7. Bb5+ c6 8. Bc4
exf3 9. Qxf3 Qxd4 10. Bxe6 fxe6 11. Nxe6 Qe5+ 12. Qe2 Qxe2+ 13. Kxe2 Kd7 14. Nf4
Bxc2 15. Na3 Bxa3 16. bxa3 Nxg4 17. Bb2 Re8+ 18. Kd2 Bf5 19. Rhd1 Kc7 20. Rac1
Na6 21. Bxg7 Rad8+ 22. Kc3 Re3+ 23. Kb2 Rg8 24. Bd4 Rf3 25. Ng2 Nxh2 26. Be5+
Kb6 27. Ne1 Rf2+ 28. Nc2 Rgg2 29. Bd4+ c5 30. Bxf2 Rxf2 31. Rd6+ Kc7 32. Rf6 Ng4
33. Rf7+ Kc6 34. Kc3 h5 35. a4 h4 36. Na3 h3 37. Rg1 h2 38. Rh1 Nc7 39. Nc4 Nd5+
40. Kb3 Bc2+ 41. Kb2 Rxf7 42. Na5+ Kc7 43. Kxc2 Rf2+ 44. Kb3 b6 45. Nc4 Kc6 46.
a3 Nge3 47. Re1 Nxc4 48. Kxc4 Rf1 49. Rxf1 Ne3+ 50. Kd3 Nxf1 0-1

[Event "Challenge"]
[Site "http://www.queenalice.com/game.php?id=73366"]
[Date "2006.5.31"]
[Round "-"]
[White "Croftsy"]
[Black "walderson"]
[Result "1-0"]
[WhiteElo "1496"]
[BlackElo "1502"]

1. Nf3 d6 2. g3 e5 3. Bg2 h6 4. e4 c5 5. d3 Nc6 6. c3 a5 7. a3 f5 8. Nh4 f4 9.
Ng6 Rh7 10. Qh5 Nf6 11. Qd1 Bd7 12. Nd2 Qb6 13. Nf3 O-O-O 14. Nfh4 Be6 15. Nf5
Bxf5 16. exf5 fxg3 17. hxg3 h5 18. Qe2 Re8 19. Rb1 d5 20. Be3 d4 21. cxd4 cxd4
22. Bd2 Qb3 23. O-O Qf7 24. b4 axb4 25. axb4 Qd7 26. Rfc1 Kb8 27. Be4 Rc8 28. b5
Na5 29. Bxa5 Rxc1+ 30. Rxc1 Qxb5 31. Ra1 Bd6 32. Qa2 Ng4 33. Be1 Kc8 34. Qa8+
Kc7 35. Ba5+ Kd7 36. Qd8# 1-0

[Event "Challenge"]
[Site "http://www.queenalice.com/game.php?id=75756"]
[Date "2006.6.11"]
[Round "-"]
[White "walderson"]
[Black "pawn_buzzard"]
[Result "0-1"]
[WhiteElo "1517"]
[BlackElo "1664"]

1. d4 h6 2. e3 Nf6 3. b3 e6 4. Bd2 Nc6 5. a3 Ne4 6. Qg4 Nf6 7. Qf3 d5 8. Bb5 Bd7
9. c4 Ne7 10. Nc3 c6 11. Ba4 b5 12. cxb5 cxb5 13. Bxb5 Bxb5 14. Nxb5 Qb6 15. a4
a6 16. Nc3 Qxb3 17. Rb1 Qc2 18. Nge2 Ne4 19. O-O Nxd2 20. Qg4 Nxb1 21. Nxb1 h5
22. Qf3 Nf5 23. Rc1 Qxa4 24. Nbc3 Qb3 25. g4 Nh4 26. Qg3 hxg4 27. Qxg4 a5 28. e4
f5 29. exf5 exf5 30. Qg3 Qb2 31. Qe5+ Be7 32. Qxd5 Rd8 33. Qe5 Nf3+ 34. Kf1 Nxe5
35. dxe5 f4 36. Kg2 a4 37. Rb1 Qc2 0-1

[Event "Challenge"]
[Site "http://www.queenalice.com/game.php?id=76381"]
[Date "2006.6.14"]
[Round "-"]
[White "walderson"]
[Black "hartto"]
[Result "0-1"]
[WhiteElo "1478"]
[BlackElo "1280"]

1. d4 Nf6 2. e3 e6 3. b3 c5 4. c4 cxd4 5. Qxd4 Bb4+ 6. Bd2 Nc6 7. Qf4 O-O 8. Nf3
e5 9. Qf5 d6 10. Qd3 e4 11. Qc2 Bg4 12. Ng5 Re8 13. h3 Bf5 14. f3 d5 15. Bxb4
Nxb4 16. Qc3 Nd3+ 17. Bxd3 exd3 18. O-O h6 19. f4 hxg5 20. fxg5 Ne4 21. Qe1 Qxg5
22. g4 dxc4 23. Rxf5 Qg6 24. bxc4 Nd6 25. Rd5 Nxc4 26. Nc3 Rxe3 27. Qh4 Rae8 28.
Rd1 d2 29. Rd8 Re1+ 30. Kh2 Rxd8 31. Qxd8+ Kh7 32. Rxd2 Nxd2 33. Qxd2 Qe6 34. a4
Qe5+ 35. Kg2 Re3 36. Qc2+ g6 37. Ne4 Qxe4+ 38. Qxe4 Rxe4 0-1

[Event "7"]
[Site "http://www.queenalice.com/game.php?id=77075"]
[Date "2006.6.16"]
[Round "-"]
[White "Jsouza"]
[Black "walderson"]
[Result "1-0"]
[WhiteElo "1789"]
[BlackElo "1527"]

1. e4 e5 2. Nf3 d6 3. Bc4 Be6 4. Bxe6 fxe6 5. Nc3 c5 6. d3 d5 7. exd5 exd5 8.
O-O d4 9. Ne4 Nd7 10. Re1 Ne7 11. Nd6# 1-0

[Event "Challenge"]
[Site "http://www.queenalice.com/game.php?id=77352"]
[Date "2006.6.17"]
[Round "-"]
[White "walderson"]
[Black "klitzke"]
[Result "0-1"]
[WhiteElo "1462"]
[BlackElo "1612"]

1. d4 Nf6 2. e3 Nc6 3. a4 e5 4. c3 d5 5. Nd2 Bd6 6. a5 a6 7. h3 e4 8. f3 Bg3+ 9.
Ke2 exf3+ 10. gxf3 Qe7 11. Bg2 O-O 12. Nf1 Bh4 13. b4 Re8 14. f4 Ne4 15. Qd3 Nf2
16. Qb1 Ne4 17. Bxe4 dxe4 18. Kd1 b6 19. Nd2 Bf5 20. axb6 cxb6 21. b5 Na5 22.
bxa6 Rxa6 23. Ba3 Qa7 24. d5 Rc8 25. Ne2 Bf2 26. Nd4 Bd7 27. Nxe4 Nc4 28. Bb2
Bxe3 29. f5 Bxd4 30. cxd4 Nxb2+ 31. Kd2 Nc4+ 32. Kd3 Bxf5 33. Rg1 Bxe4+ 34. Kxe4
Nd2+ 35. Kf4 Nxb1 36. Raxb1 Qc7+ 37. Ke4 Qc2+ 38. Kf4 Qd2+ 39. Kg4 Qxd4+ 40. Kg3
h6 41. Rbd1 Rc3+ 42. Kh2 Qf2+ 43. Rg2 Qf4+ 44. Kg1 Rg3 45. d6 Qe3+ 0-1

[Event "Challenge"]
[Site "http://www.queenalice.com/game.php?id=78328"]
[Date "2006.6.19"]
[Round "-"]
[White "Chessmachado"]
[Black "walderson"]
[Result "1-0"]
[WhiteElo "1581"]
[BlackElo "1450"]

1. d4 e5 2. dxe5 Nc6 3. Nf3 Bc5 4. e3 a6 5. Nc3 b5 6. a3 h6 7. Bd3 d6 8. exd6
Bxd6 9. h3 Nf6 10. O-O Qd7 11. Re1 g5 12. e4 g4 13. hxg4 b4 14. Nd5 Nxg4 15. Bf4
Nce5 16. Nxe5 Nxe5 17. Nf6+ Ke7 18. Nxd7 Bxd7 19. Bxe5 Bxe5 20. Qc1 bxa3 21.
Rxa3 Rhg8 22. Rxa6 Rab8 23. Qxh6 Rh8 24. Qg5+ f6 25. Qg7+ Kd8 26. Qxh8+ Be8 27.
Re6 Kd7 28. Bc4 Bf7 29. Rd1+ Bd6 30. Qxb8 Bxe6 31. Bxe6+ Kxe6 32. Qe8+ Be7 33.
f4 1-0

[Event "Let's Play Chess!"]
[Site "http://www.queenalice.com/game.php?id=541517"]
[Date "2009.2.16"]
[Round "-"]
[White "Givanildo"]
[Black "walderson"]
[Result "0-1"]
[WhiteElo "1396"]
[BlackElo "1439"]

1. e4 e6 2. Nc3 d5 3. e5 c5 4. Nb5 a6 5. Nd6+ Bxd6 6. exd6 Qxd6 7. Qe2 Nc6 8. c3
Nf6 9. d3 h6 10. Nh3 d4 11. Bf4 e5 12. c4 Bg4 13. f3 O-O-O 14. fxg4 exf4 15.
O-O-O Rhe8 16. Qd2 Nxg4 17. Nxf4 Ne3 18. Nd5 b5 19. Nb6+ Kb7 20. cxb5 axb5 21.
Nc4 bxc4 22. Re1 Nb4 23. a3 Nxd3+ 24. Kb1 Nxe1 25. Qxe1 Qg6+ 26. Ka2 c3 27. Qe2
c2 28. Qb5+ Kc7 29. Qxc5+ Qc6 30. Qa5+ Qb6 31. Qd2 Rb8 32. Bc4 Qxb2# 0-1

[Event "Challenge"]
[Site "http://www.queenalice.com/game.php?id=541727"]
[Date "2009.2.17"]
[Round "-"]
[White "walderson"]
[Black "samuelrmgs"]
[Result "0-1"]
[WhiteElo "1454"]
[BlackElo "1286"]

1. d4 d5 2. Nf3 Bg4 3. h3 Bf5 4. e3 e6 5. a3 Nf6 6. g4 Be4 7. Bg2 h6 8. Nc3 Bd6
9. Bf1 O-O 10. Bd3 Nc6 11. Bxe4 dxe4 12. Nd2 a6 13. Ndxe4 Nxe4 14. Nxe4 Be7 15.
b4 b5 16. Bd2 Rc8 0-1

[Event "Challenge"]
[Site "http://www.queenalice.com/game.php?id=541734"]
[Date "2009.2.17"]
[Round "-"]
[White "montelo"]
[Black "walderson"]
[Result "1-0"]
[WhiteElo "1701"]
[BlackElo "1426"]

1. e4 e5 2. Qh5 d6 3. Qf3 Nc6 4. Bc4 Be6 5. Bxe6 fxe6 6. Nh3 h6 7. d3 Nd4 8. Qd1
d5 9. c3 Nc6 10. exd5 Qxd5 11. f3 Qd8 12. O-O Bc5+ 13. Nf2 Nf6 14. Qb3 Bxf2+ 15.
Rxf2 Qxd3 16. Qxe6+ Ne7 17. Qb3 b5 18. Na3 1-0

[Event "Challenge"]
[Site "http://www.queenalice.com/game.php?id=541735"]
[Date "2009.2.17"]
[Round "-"]
[White "walderson"]
[Black "montelo"]
[Result "0-1"]
[WhiteElo "1431"]
[BlackElo "1696"]

1. d4 c6 2. e3 e5 3. a3 e4 4. Nc3 d5 5. Nh3 Bxh3 6. gxh3 Qd7 7. a4 Bb4 8. Bd2
Bxc3 9. Bxc3 f6 10. Qh5+ g6 11. Qd1 f5 12. Bb4 Na6 13. Ba5 Nh6 14. Qd2 Nf7 15.
Be2 Ng5 16. h4 Nf7 0-1